[Event "FRA-ch U16"]
[Site "Gonfreville"]
[Date "2016.04.12"]
[Round "4"]
[White "Laurent Paoli, Pierre"]
[Black "Houze, Nicolas"]
[Result "1-0"]
[WhiteElo "2315"]
[BlackElo "1667"]
[PlyCount "76"]
[EventDate "2016.04.22"]
[EventType "swiss"]
[EventRounds "9"]
[EventCountry "FRA"]
[SourceTitle "EXT 2022"]
[Source "ChessBase"]
[SourceDate "2021.10.06"]
[SourceVersion "1"]
[SourceVersionDate "2021.10.06"]
[SourceQuality "1"]

1. d4 Nf6 2. c4 e6 3. Nf3 b6 4. a3 Bb7 5. Nc3 d5 6. cxd5 exd5 7. Bg5 Be7 8. e3 0-0 9. Bd3 Ne4 10. Bf4 Nd7 11. Rc1 c5 12. 0-0 Rc8 13. dxc5 Ndxc5 14. Be5 Nxd3 15. Qxd3 Nc5 16. Qc2 Bf6 17. Bxf6 Qxf6 18. Nd4 Ne6 19. Qf5 Qxf5 20. Nxf5 Rc7 21. Nb5 Rxc1 22. Rxc1 g6 23. Nfd4 Nxd4 24. Nxd4 Rc8 25. Rxc8+ Bxc8 26. Nc6 Bd7 27. Ne7+ Kf8 28. Nxd5 Be6 29. Nc3 Bc4 30. f3 Ke7 31. Kf2 Ke6 32. e4 Ke5 33. Ke3 g5 34. g3 Ke6 35. f4 g4 36. Kd4 Bb3 37. Nb5 a5 38. f5+ Kd7 1-0

[Event "FRA-ch U12"]
[Site "Saint Paul Trois Chateaux"]
[Date "2013.04.29"]
[Round "2"]
[White "Houze, Nicolas"]
[Black "Vlachos, Anatole"]
[Result "0-1"]
[WhiteElo "1540"]
[BlackElo "1764"]
[PlyCount "42"]
[EventDate "2013.04.28"]
[EventType "swiss"]
[EventRounds "9"]
[EventCountry "FRA"]
[SourceTitle "CBM 154 Extra"]
[Source "ChessBase"]
[SourceDate "2013.06.25"]
[SourceVersion "2"]
[SourceVersionDate "2013.06.25"]
[SourceQuality "1"]

1. e4 c5 2. Nf3 d6 3. d4 cxd4 4. Nxd4 Nf6 5. Nc3 a6 6. Bc4 e6 7. 0-0 b5 8. Bb3 b4 9. Ba4+ Bd7 10. Bxd7+ Qxd7 11. Nce2 Nxe4 12. Re1 Be7 13. Nf4 Nf6 14. Qe2 e5 15. Qf3 Ra7 16. Nd3 exd4 17. Bg5 0-0 18. Nxb4 Qb5 19. Bxf6 Bxf6 20. Nd5 Be5 21. Qa3 Qxd5 0-1